Normal view MARC view
  • Conflicto armado

Entry Materia

Number of records used in: 4

001 - NÚMERO DE CONTROL DEL REGISTRO

  • campo de control: 50744

003 - IDENTIFICADOR DE NUMERO DE CONTROL

  • campo de control: MX-MxUPN

005 - FECHA Y HORA DE LA ÚLTIMA TRANSACCIÓN

  • campo de control: 20240110090334.0

008 - DATOS DE LONGITUD FIJA

  • campo de control de longitud fija: 240108dn fnnnnbaba | ana d

040 ## - FUENTE DE LA CATALOGACIÓN

  • Centro catalogador de origen: MX-MxUPN
  • Lengua de catalogación: spa

150 ## - ENCABEZAMIENTO - TEMÁTICO

  • Término de materia o nombre geográfico como elemento inicial: Conflicto armado
  • Subdivisión de materia general: Historia
  • Subdivisión geográfica: Colombia

450 ## - VÉASE - MATERIA

  • Encabezamiento temático: Conflicto armado interno de Colombia

670 ## - FUENTE EN LA QUE SE LOCALIZARON DATOS

  • Cita de la fuente: Autoridades Biblioteca Nacional de Colombia, 8 enero 2023 :
  • Información localizada: (Conflicto armado -- Historia -- Colombia)
  • Identificador Uniforme del Recurso: https://bnco.ent.sirsi.net/

670 ## - FUENTE EN LA QUE SE LOCALIZARON DATOS

  • Cita de la fuente: Wikipedia, 10 enero 2024 :
  • Información localizada: (Conflicto armado interno de Colombia (El conflicto armado interno de Colombia es una guerra asimétrica de baja intensidad que se desarrolla en Colombia desde 1960,​ y que se extiende hasta la actualidad).

678 ## - DATOS BIOGRÁFICOS Y/O HISTÓRICOS

  • Datos biográficos o históricos: El conflicto armado interno de Colombia es una guerra asimétrica de baja intensidad que se desarrolla en Colombia desde 1960 y que se extiende hasta la actualidad

902 ## - CATALOGADOR

  • Catalogador: VíctorGodínez/080123